Концептуалізація поняття "свідомість" в аспекті когнітивної теорії метафори (на основі творів Портер К. А.) (Запис № 282549)
[ простий вигляд ]
| 000 -LEADER | |
|---|---|
| fixed length control field | 01482nam a22001577a 4500 |
| 041 ## - LANGUAGE CODE | |
| Language code of text/sound track or separate title | ukr |
| 080 ## - UNIVERSAL DECIMAL CLASSIFICATION NUMBER | |
| Universal Decimal Classification number | 09 |
| 090 ## - LOCALLY ASSIGNED LC-TYPE CALL NUMBER (OCLC); LOCAL CALL NUMBER (OCLC) | |
| Local cutter number (OCLC) ; Book number/undivided call number, CALL (RLIN) | МІЩ |
| 100 ## - MAIN ENTRY--PERSONAL NAME | |
| Personal name | Міщук О. Ф. |
| 245 ## - TITLE STATEMENT | |
| Title | Концептуалізація поняття "свідомість" в аспекті когнітивної теорії метафори (на основі творів Портер К. А.) |
| 260 ## - PUBLICATION, DISTRIBUTION, ETC. (IMPRINT) | |
| Place of publication, distribution, etc | Острог |
| Name of publisher, distributor, etc | КАФ |
| Date of publication, distribution, etc | 2004 |
| 300 ## - PHYSICAL DESCRIPTION | |
| Extent | 59 |
| 520 ## - SUMMARY, ETC. | |
| Summary, etc | Розділ 1. Теорія та історія розвитку когнітивної лінгвістики.<br/>1.1. Поняття когнітивної лінгвістики та етапи її формування.<br/>1.2. Місце когнітивної лінгвістики у мовознавчій науці.<br/>1.3. Обєкти та завдання когнітивної лінгвістики.<br/>Розділ 2. Метафора як основний обєкт вивчення когнітивної семантики.<br/>2.1. Теорія когнітивної семантики.<br/>2.2. Поняття метафори в когнітивній семантиці.<br/>2.3. Теорія метафори Дж. Лакоффа та М. Джонсона.<br/>2.4. Аналіз концепту "свідомість" у англійській мові на основі метафор у творах Портер К. А. |
| -- | Лінгвістика, семантика, метафора |
| 650 ## - SUBJECT ADDED ENTRY--TOPICAL TERM | |
| Topical term or geographic name as entry element | Research Papers |
| 942 ## - ADDED ENTRY ELEMENTS (KOHA) | |
| Koha item type | Книги |
| Withdrawn status | Lost status | Source of classification or shelving scheme | Damaged status | Not for loan | Home library | Current library | Date acquired | Source of acquisition | Coded location qualifier | Cost, normal purchase price | Total Checkouts | Full call number | Barcode | Date last seen | Price effective from | Koha item type |
|---|---|---|---|---|---|---|---|---|---|---|---|---|---|---|---|---|
| Universal Decimal Classification | ВІЛ - Відділ іноземн. літератури НБ | ВІЛ - Відділ іноземн. літератури НБ | 08/08/2005 | Акт | В31 | 1.00 | 09 | 210111 | 20/12/2021 | 16/12/2004 | Книги |